00704nam a2200205Ia 450000500170000000800410001701600140005804000240007205000170009608200110011310000250012424500760014926000400022530000180026556300100028365000780029365000640037165000450043565000180048020260401142134.0210303s9999 xx 000 0 und d 2reto2022b aNLNbEnglisheAACR2 aPQ1860b.M12 a842.4  aMCBRIDE, Roberteaut 4aThe sceptical vision of Moliere :ba study in Paradox /cRobert McBride aNew York :bBarnes & Noble ,c1977. a[?]p.b[?]cm. a(pbk) aMoliè€re, 1622-1673vCriticism and interpretationxHistoryx18th century aFrench drama (Comedy)vHistory and criticismxTheory, etc.  aCriticismvFrancexHistoryx18th century aEnlightenment